Evalvácia e-learningových vzdelávacích modulov k problematike včasnej starostlivosti II.

Bibliographic Details
Other Authors: Hudecová, Anna, 1952-2023 (Editor)
Format: Software eBook
Language:Slovak
PhysicalDescription:1 CD-ROM farebný 12 cm
Published: V Ružomberku Verbum - Vydavateľstvo Katolíckej univerzity v Ružomberku 2021
ISBN:9788056109076
Edition:Vydanie prvé
Subjects:

MARC

LEADER 00000nam a2200000 4500
001 vtls012128870
003 SK-MaSNL
005 20260429073934.0
007 co cg auuua
008 220329s2021 xo dl fsf 001 0 slo
020 |a 9788056109076  |q (elektronická kniha) 
040 |a SNK  |b slo  |c SNK  |e rda 
041 0 |a slo  |b eng 
044 |a xo  |c SK 
072 7 |a 17  |x Etika. Morálna filozofia  |2 konspekt 
072 7 |a 364  |x Sociálne problémy vyžadujúce podporu a pomoc. Sociálne zabezpečenie  |2 konspekt 
080 |a 173  |2 2011 
080 |a 316.614.5  |2 2011 
080 |a 364.642  |2 2001 
080 |a 316.356.2  |2 2011 
080 |a 613.9-056.26/.3  |2 2011 
080 |a 37.091.3:004  |2 2011 
080 |a (035)  |2 2011 
080 |a (0.034.2)  |2 2011 
080 |a (0.034.44)  |2 2011 
245 0 0 |a Evalvácia e-learningových vzdelávacích modulov k problematike včasnej starostlivosti II.  |c Anna Hudecová (Ed.) 
250 |a Vydanie prvé 
264 1 |a V Ružomberku  |b Verbum - Vydavateľstvo Katolíckej univerzity v Ružomberku  |c 2021 
300 |a 1 CD-ROM  |b farebný  |c 12 cm 
336 |a text  |b txt  |2 rdacontent 
337 |a počítač  |b c  |2 rdamedia 
338 |a počítačový disk  |b cd  |2 rdacarrier 
347 |a programový súbor  |b PDF  |2 rda 
500 |a Názov z titulnej obrazovky 
504 |a Obsahuje bibliografiu na strane 110-112 ; register autorov ; zoznam tabuliek a grafov 
546 |a Anglické abstrakty 
650 0 7 |a rodina  |2 SNKPH  |9 4138 
650 0 7 |a rodinné vzťahy  |2 SNKPH  |9 3865 
650 0 7 |a psychológia rodiny  |2 SNKPH  |9 24796 
650 0 7 |a problémové rodiny  |2 SNKPH  |9 102611 
650 0 7 |a starostlivosť a výchova  |2 SNKPH  |9 66728 
650 0 7 |a e-learning  |2 SNKPH  |9 28660 
650 0 7 |a Family  |2 SNKPHeng  |9 267890 
650 0 7 |a Family relations  |2 SNKPHeng  |9 314888 
650 0 7 |a Psychology of family  |2 SNKPHeng  |9 357186 
650 0 7 |a Problem families  |2 SNKPHeng  |9 312620 
650 0 7 |a Care and education  |2 SNKPHeng  |9 314890 
650 0 7 |a e-learning  |2 SNKPHeng  |9 28660 
655 7 |a elektronické zdroje  |2 SNKPH  |9 90954 
655 7 |a príručky  |2 SNKPH  |9 74364 
655 7 |a CD-ROM  |2 SNKPH  |9 70236 
655 7 |a Handbooks, manuals, etc.  |2 SNKPHeng  |9 90964 
655 7 |a Electronic resources  |2 SNKPHeng  |9 175546 
700 1 |a Hudecová, Anna,  |d 1952-2023  |4 edt  |9 233034 
752 |a Slovensko  |d Ružomberok 
852 |a Štátna vedecká knižnica v Banskej Bystrici 
919 |a 978-80-561-0907-6 
999 |c 699072  |d 701002 
952 |a SNK  |b SNK  |y PREZ  |7 0  |p 17A1493020  |o snkSCDM 12454/2  |i snk2022/12659  |8 0  |0 0  |1 0  |4 0  |d 2022-08-16  |l 0  |r 2026-02-23 20:52:24  |w 2026-02-23